000 02274cam a2200505 i 4500
999 _c16675
_d16675
001 21416724
005 20220304152233.0
008 200204s2020 enk b 001 0 eng
010 _a 2020005433
020 _a9781509534500
020 _a9781509534517
020 _z9781509534524
040 _aDLC
_beng
_cDLC
_erda
_dDLC
041 1 _aeng
_hfre
042 _apcc
043 _ae-fr---
050 0 0 _aB2430.R554
_bA513 2020
082 0 0 _aDC 194
_22020
_bP549
100 1 _aRicœur, Paul,
_eauthor.
_944526
240 1 0 _aPhilosophie, éthique et politique.
_lEnglish
245 1 0 _aPhilosophy, ethics and politics /
_cPaul Ricoeur ; edited by Catherine Goldenstein ; translated by Kathleen Blamey.
250 _aEnglish Edition.
260 _aCambridge :
_bPolity Press :
_c©2020.
300 _axi, 171 pages ;
_c23 cm
500 _a"Originally published in French as Philosophie, éthique et politique: Entretiens et dialogues. Textes prepares et présentés par Catherine Goldenstein. Préface de Michaël Fœssel Editions du Seuil, 2017."
504 _aIncludes bibliographical references and index.
520 _a"One of leading philosophers of the twentieth century addresses some of the central questions of political philosophy and ethics"--
600 1 0 _aRicœur, Paul
_vInterviews.
_944527
600 1 6 _aRicœur, Paul
_vEntretiens.
_944528
600 1 7 _aRicœur, Paul.
_2fast
_944526
650 0 _aPhilosophers
_zFrance
_vInterviews.
_944529
650 0 _aPolitical science
_xPhilosophy.
_944530
650 6 _aPhilosophes
_zFrance
_vEntretiens.
_944531
650 6 _aScience politique
_xPhilosophie.
_944532
650 7 _aPhilosophers.
_2fast
_944533
650 7 _aPolitical science
_xPhilosophy.
_2fast
_944530
651 7 _aFrance.
_2fast
_944534
655 7 _aInterviews.
_2fast
_944535
700 1 _aGoldenstein, Catherine,
_eeditor.
_944536
700 1 _aBlamey, Kathleen,
_etranslator.
_944537
776 0 8 _iOnline version:
_aRicoeur, Paul,
_tPhilosophy, ethics and politics
_dCambridge, UK ; Medford, MA, USA : Polity, 2020.
_z9781509534524
_w(DLC) 2020005434
906 _a7
_bcbc
_corignew
_d1
_eecip
_f20
_gy-gencatlg
942 _2ddc
_cDC